Krehká krása Petra Smika v Barónke

Bibliographic Details
Format: Article
Language:Slovak
PhysicalDescription:Fotogr.
ISSN:1338-5402
Subjects:

MARC

LEADER 00000nab a2200000 ar4500
001 vtls010514303
003 SK-MaSNL
005 20260303090601.0
008 130527c2013 xo wr|p|||||||000 b|slo
038 |a PPPK 
040 |a PPPKCL  |b slo  |c PPPKCL  |e AACR2 
041 0 |a slo 
044 |a xo  |c SK 
080 |a 738  |x (437.6)  |2 2001 
245 0 0 |a Krehká krása Petra Smika v Barónke  |c [text a foto] (pkr) 
300 |b Fotogr. 
600 1 7 |a Smik, Peter,  |d 1968-  |c výtvarník  |2 pppkcl  |9 173397 
610 2 7 |a Barónka (galéria : Kežmarok, Slovensko)  |2 pppkcl  |9 59347 
611 2 7 |a Food box life  |g výstava  |d (2013 :  |c Kežmarok, Slovensko)  |2 pppkcl  |9 1095839 
648 7 |a 6.2.-1.3.2013  |2 pppkcl  |9 1095840 
650 0 7 |a keramika  |2 pppkcl  |9 3061 
651 7 |a Kežmarok (Slovensko)  |2 pppkcl  |9 26808 
773 0 |t Podtatranský kuriér : spoločensko-ekonomický týždenník  |g Roč. III, č. 7 (2013), s. 5  |x 1338-5402 
852 |a PPPK  |b KIS3GCP 
999 |c 1803921  |d 1805851